[Event "Hannover Ihme Cup"]
[Site "Hannover"]
[Date "2016.05.21"]
[Round "3"]
[White "Sideris, Apostolos"]
[Black "Heckl, Philipp"]
[Result "1-0"]
[WhiteElo "1807"]
[BlackElo "1574"]
[PlyCount "85"]
[EventDate "2016.05.20"]
[EventType "swiss"]
[EventRounds "5"]
[EventCountry "GER"]
[SourceTitle "CBM 189 Extra"]
[Source "ChessBase"]
[SourceDate "2019.06.03"]
[SourceVersion "1"]
[SourceVersionDate "2019.06.03"]
[SourceQuality "1"]

1. e4 e5 2. Nf3 Nf6 3. Nxe5 d6 4. Nf3 Nxe4 5. Nc3 Nxc3 6. dxc3 Be7 7. Bf4 0-0 8. Qd2 Nd7 9. 0-0-0 Nf6 10. Bd3 c6 11. Rhe1 Re8 12. Bg5 Be6 13. Nd4 Qa5 14. a3 Bd7 15. h4 Qd8 16. Re2 Nd5 17. Rde1 Bxg5 18. hxg5 Rxe2 19. Rxe2 Qf8 20. c4 Ne7 21. Qb4 Ng6 22. Qxb7 Qd8 23. Bxg6 hxg6 24. f4 Qc8 25. Qxc8+ Rxc8 26. Kd2 Kf8 27. Kc3 Rb8 28. b4 a6 29. Nb3 f6 30. Kd4 Kf7 31. gxf6 gxf6 32. c5 d5 33. c4 dxc4 34. Na5 Rh8 35. Nxc4 Rh1 36. Re3 Bf5 37. Nd6+ Kg7 38. Re7+ Kh6 39. Nxf5+ gxf5 40. Re6 Ra1 41. Rxf6+ Kg7 42. Rxc6 Rxa3 43. Ke5 1-0

[Event "Niedersachsen-ch op-B"]
[Site "Verden"]
[Date "2015.01.04"]
[Round "5"]
[White "Heckl, Philipp"]
[Black "Schulze, Lukas"]
[Result "1-0"]
[WhiteElo "1533"]
[BlackElo "1207"]
[PlyCount "103"]
[EventDate "2015.01.02"]
[EventType "swiss"]
[EventRounds "7"]
[EventCountry "GER"]
[SourceTitle "EXT 2018"]
[Source "ChessBase"]
[SourceDate "2017.10.13"]
[SourceVersion "1"]
[SourceVersionDate "2017.10.13"]
[SourceQuality "1"]

1. e4 c5 2. Nf3 Nc6 3. d4 cxd4 4. Nxd4 g6 5. Nc3 Bg7 6. Be3 Nf6 7. f3 0-0 8. Qd2 d5 9. exd5 Nxd5 10. Nxc6 bxc6 11. Rd1 Qa5 12. Nxd5 Qxd2+ 13. Rxd2 cxd5 14. c3 Rd8 15. Be2 Rb8 16. 0-0 Rb7 17. f4 Rbd7 18. Rfd1 e6 19. Bd4 Bxd4+ 20. Rxd4 Rd6 21. c4 Ba6 22. b3 Rc8 23. R4d2 Rcd8 24. Bf3 Bb7 25. c5 R6d7 26. b4 Bc6 27. Kf2 Ba4 28. Rc1 Bc6 29. Rb2 Rb8 30. a3 a5 31. Be2 axb4 32. Rxb4 Rxb4 33. axb4 Rb7 34. Rb1 Kf8 35. g3 Ke7 36. Ke3 Kd8 37. Kd4 Kc7 38. Kc3 Ba4 39. Ra1 Bc6 40. Ra5 d4+ 41. Kb3 f6 42. b5 e5 43. fxe5 fxe5 44. Kc4 Be4 45. b6+ Kc6 46. Bd1 Bd5+ 47. Kb4 Kd7 48. Ba4+ Bc6 49. Ra7 Kc8 50. Bxc6 Rb8 51. Rxh7 Kd8 52. Rh8+ 1-0

[Event "Niedersachsen-ch op-B"]
[Site "Verden"]
[Date "2015.01.03"]
[Round "4"]
[White "Schumann, Wolfgang"]
[Black "Heckl, Philipp"]
[Result "1-0"]
[WhiteElo "1715"]
[BlackElo "1533"]
[PlyCount "53"]
[EventDate "2015.01.02"]
[EventType "swiss"]
[EventRounds "7"]
[EventCountry "GER"]
[SourceTitle "EXT 2018"]
[Source "ChessBase"]
[SourceDate "2017.10.13"]
[SourceVersion "1"]
[SourceVersionDate "2017.10.13"]
[SourceQuality "1"]

1. d4 d5 2. Bf4 c5 3. e3 Nf6 4. Bb5+ Nc6 5. Nd2 Qb6 6. Bxc6+ Qxc6 7. c3 Bf5 8. Ngf3 Bg4 9. h3 Bxf3 10. Nxf3 Nd7 11. Ne5 Nxe5 12. Bxe5 f6 13. Bg3 e6 14. Qh5+ g6 15. Qf3 Bg7 16. 0-0 0-0 17. Qe2 cxd4 18. cxd4 Rac8 19. Rfd1 Qc2 20. Rd2 Qa4 21. f3 Rc6 22. b3 Qa3 23. Rc2 Rfc8 24. Rxc6 Rxc6 25. Qd2 Bf8 26. Be1 Bb4 27. Qxb4 1-0

[Event "Niedersachsen-ch op-B"]
[Site "Verden"]
[Date "2014.01.04"]
[Round "5"]
[White "Bischoff, Norbert"]
[Black "Heckl, Philipp"]
[Result "0-1"]
[WhiteElo "1628"]
[BlackElo "1535"]
[PlyCount "80"]
[EventDate "2014.01.02"]
[EventType "swiss"]
[EventRounds "7"]
[EventCountry "GER"]
[SourceTitle "EXT 2016"]
[Source "ChessBase"]
[SourceDate "2015.10.08"]
[SourceVersion "1"]
[SourceVersionDate "2015.10.08"]
[SourceQuality "1"]

1. d4 d5 2. Nf3 c5 3. e3 Nf6 4. c3 cxd4 5. exd4 Nc6 6. Bd3 Bg4 7. Nbd2 e6 8. Qa4 Nd7 9. 0-0 Bd6 10. Re1 0-0 11. Qc2 Nf6 12. Ne5 Bh5 13. f4 Rc8 14. Ndf3 Nb4 15. Qe2 Nxd3 16. Qxd3 Ne4 17. g4 Bg6 18. Nxg6 hxg6 19. g5 f6 20. h4 Kf7 21. Be3 Qc7 22. Rf1 f5 23. Rac1 Rh8 24. Rc2 Ke7 25. Rh2 Rh7 26. Ne1 Rch8 27. Ng2 Nxg5 28. Qd1 Ne4 29. Bd2 Kd7 30. Qa4+ Ke7 31. Bc1 b6 32. Rf3 g5 33. Rh1 g4 34. Re3 Nf6 35. b3 Kf7 36. c4 Rc8 37. Ba3 Bxa3 38. Qxa3 Rhh8 39. Ne1 Qxf4 40. Qxa7+ Rc7 0-1

[Event "Niedersachsen-ch op-C"]
[Site "Verden"]
[Date "2013.01.05"]
[Round "6"]
[White "Heckl, Philipp"]
[Black "Kueck, Artur"]
[Result "0-1"]
[WhiteElo "1614"]
[BlackElo "1163"]
[PlyCount "42"]
[EventDate "2013.01.03"]
[EventType "swiss"]
[EventRounds "7"]
[EventCountry "GER"]
[SourceTitle "EXT 2021"]
[Source "ChessBase"]
[SourceDate "2020.10.23"]
[SourceVersion "1"]
[SourceVersionDate "2020.10.23"]
[SourceQuality "1"]

1. d4 Nf6 2. Nf3 e6 3. Bg5 c5 4. e3 d5 5. Bb5+ Nc6 6. 0-0 Bd7 7. c4 h6 8. Bh4 a6 9. Bxc6 bxc6 10. Nc3 Be7 11. Qe2 0-0 12. Ne5 cxd4 13. exd4 a5 14. c5 Rb8 15. Na4 Rb4 16. Rfd1 Rxa4 17. a3 Ne4 18. Bxe7 Qxe7 19. f3 Nxc5 20. Nxd7 Nxd7 21. Qc2 Rc4 0-1

[Event "Niedersachsen-ch op-C"]
[Site "Verden"]
[Date "2013.01.04"]
[Round "3"]
[White "Graf, Tristan"]
[Black "Heckl, Philipp"]
[Result "1-0"]
[WhiteElo "1206"]
[BlackElo "1614"]
[PlyCount "38"]
[EventDate "2013.01.03"]
[EventType "swiss"]
[EventRounds "7"]
[EventCountry "GER"]
[SourceTitle "EXT 2021"]
[Source "ChessBase"]
[SourceDate "2020.10.23"]
[SourceVersion "1"]
[SourceVersionDate "2020.10.23"]
[SourceQuality "1"]

1. e4 e5 2. Nf3 Nc6 3. Bc4 Nf6 4. Nc3 Bc5 5. d3 d6 6. h3 Be6 7. Bb3 Qe7 8. Na4 Nd7 9. Be3 Bb6 10. Nxb6 Nxb6 11. 0-0 0-0 12. Bg5 Qd7 13. Nd2 Bxh3 14. gxh3 Qxh3 15. Be3 Ne7 16. Qf3 Qd7 17. Kh1 Ng6 18. Rg1 Kh8 19. Qh5 f5 1-0

[Event "Braunschweig Oker Cup"]
[Site "Braunschweig"]
[Date "2011.12.03"]
[Round "2"]
[White "Heckl, Philipp"]
[Black "Goes, Carsten"]
[Result "0-1"]
[WhiteElo "1354"]
[BlackElo "1770"]
[PlyCount "66"]
[EventDate "2011.12.02"]
[EventType "swiss"]
[EventRounds "5"]
[EventCountry "GER"]
[SourceTitle "EXT 2013"]
[Source "ChessBase"]
[SourceDate "2012.11.22"]
[SourceVersion "1"]
[SourceVersionDate "2012.11.22"]
[SourceQuality "1"]

1. d4 d5 2. c4 dxc4 3. Nc3 a6 4. a4 Nc6 5. d5 Na5 6. e4 e5 7. Be2 Nf6 8. Bg5 Be7 9. Nf3 Qd6 10. 0-0 0-0 11. Nd2 c6 12. Nxc4 Nxc4 13. Bxc4 Bg4 14. Qc2 cxd5 15. Bxf6 dxc4 16. Bxe7 Qxe7 17. Nd5 Qc5 18. Ne3 Be6 19. Rfd1 Rfd8 20. Rac1 b5 21. b3 Rxd1+ 22. Rxd1 c3 23. Nd5 b4 24. Rd3 a5 25. h3 f5 26. Rg3 Bxd5 27. exd5 e4 28. d6 Qxd6 29. Rxc3 bxc3 30. Qxc3 Qb4 31. Qc6 Rf8 32. Qd5+ Kh8 33. Kh2 f4 0-1